|
|
|
|
| LEADER |
00000nam a2200000 a 4500 |
| 001 |
vtls001424440 |
| 003 |
SK-MaSNL |
| 005 |
20260301202543.0 |
| 008 |
160415s2001 xo a y 0 spa |
| 015 |
|
|
|a SNBE2002/01-00136
|
| 020 |
|
|
|a 8080641145
|
| 035 |
|
|
|a SNK000379320
|
| 040 |
|
|
|a SNK
|b slo
|c SNK
|e AACR2
|
| 041 |
0 |
|
|a spa
|
| 044 |
|
|
|a xo
|c SK
|
| 080 |
|
|
|a 908.437.658+78.071.2:78.087.684(083.9)=60
|2 1981
|
| 080 |
|
|
|a 78.071.2
|2 1981
|
| 080 |
|
|
|a 78.087.684
|2 1981
|
| 245 |
1 |
|
|a Repúblika Eslovaca
|b el coro de voces mixtas de Žilina
|c text: Ján Štofko, Magdaléna Vaňoučková ; foto: Ján Štofko, Milan Kosec
|
| 260 |
|
|
|a Žilina
|b Knižné centrum
|c [2001]
|
| 300 |
|
|
|a [12] s.
|b fareb. fotogr.
|c 21x12 cm
|
| 500 |
|
|
|a Text špan.
|
| 610 |
2 |
7 |
|a Žilinský miešaný zbor
|2 SNK
|9 34451
|
| 651 |
|
7 |
|a Žilina (Slovensko : okres)
|2 SNK
|9 56327
|
| 651 |
|
7 |
|a Žilina (Slovensko)
|2 SNK
|9 28812
|
| 655 |
|
7 |
|a informačné publikácie
|2 SNK
|9 70181
|
| 700 |
1 |
|
|a Štofko, Ján
|4 tex
|4 fot
|9 47258
|
| 700 |
1 |
|
|a Vaňoučková, Magdaléna
|4 tex
|9 584751
|
| 700 |
1 |
|
|a Kosec, Milan
|4 fot
|9 5870
|
| 919 |
|
|
|a 80-8064-114-5
|
| 958 |
|
|
|a TL
|
| 958 |
|
|
|a BQ
|
| 999 |
|
|
|c 899255
|d 901185
|
| 952 |
|
|
|t P60, <03>, [BOOK], {603}
|a SNK
|b SNK
|y PREZ
|7 0
|p 17A0322764
|o snkOSC 21458
|i snkKSP 13128/2001
|0 0
|1 0
|4 0
|d 2001-11-21
|l 0
|r 2005-01-02 00:00:00
|w 2026-02-24
|
| 952 |
|
|
|t P60, <04>, [BOOK], {604}
|a SNK
|b SNK
|y VYP
|7 0
|p 17A0322765
|o snkOSC 21458 D1
|i snkKSP 13129/2001
|0 0
|1 0
|4 0
|d 2001-11-21
|l 0
|r 2005-01-02 00:00:00
|w 2026-02-24
|